Catholic Eye : Number 4, January 9, 1984 /

Guardado en:
Bibliografiske detaljer
Format: Bog
Sprog:engelsk
Udgivet: Nueva York, EUA : National Committee of Catholic Laymen, 1984, c1984
Tags: Tilføj Tag
Ingen Tags, Vær først til at tagge denne postø!

MARC

LEADER 00000nam^a2200000^a^4500
001 000578794
005 20250526000000.0
009 20260310132516.141
037 |a Acervo Xavier Clavigero 
041 |a ING 
091 |a FIP. 01356 
245 0 0 |a Catholic Eye :  |b Number 4, January 9, 1984 / 
264 4 |a Nueva York, EUA :  |b National Committee of Catholic Laymen,  |c 1984, c1984 
300 |a [4] p. ;  |c 28.0 cm 
336 |a texto  |b txt  |2 rdacontenido 
337 |a sin mediación  |b n  |2 rdamedio 
338 |a volumen  |b nc  |2 rdasoporte 
649 |a XX 
910 |a Fondo Manuel Ignacio Pérez Alonso S.J. 
920 |a Impresos - Libros 
930 |a Libros Antiguos y Raros 
905 |a 108 
901 |a 0500405420  |b IT2  |c LRA  |i D  |u 20250526 
902 |a https://opac.biblio.iteso.mx/vufind/Record/000578794